8番出口のある駅 - Statistics

General Stats
  • This quiz has been taken 201 times
  • The average score is 7 of 15
Answer Stats
Answer % Correct
新宿
92%
池袋
86%
上野
72%
赤坂見附
67%
新橋
57%
溜池山王
57%
浅草
53%
後楽園
50%
六本木
50%
茅場町
34%
虎ノ門
28%
銀座一丁目
22%
汐留
18%
京橋
17%
水天宮前
16%
No matching quizzes found
Score Distribution
Percent of People with Each Score
Percentile by Number Answered
Your Score History
You have not taken this quiz